Belgique - Hydrographie de la Wallonie - Statistiques

Statistiques générales
  • Ce quiz a été pris 399 fois
  • Le résultat moyen est 9 sur 22
Réponses sur la Carte
Les réponses sont colorées sur une échelle allant du rouge au vert en fonction du pourcentage des utilisateurs qui les ont devinées à leur premier essai. Vous pouvez retrouver ces pourcentages ci-dessous.
 
Statistiques - réponses
Cours d'eau % Correct
Meuse
98%
Escaut
84%
Sambre
84%
Semois
76%
Our
69%
Ourthe
65%
Lesse
63%
Lys
47%
Senne
47%
Dyle
41%
Amblève
39%
Dendre
35%
Viroin
29%
Gette
22%
Eau Noire
21%
Geer
21%
Sûre
21%
Eau Blanche
20%
Oise
20%
Grande Gette
10%
Warche
10%
Wiltz
6%
Aucun quiz correspondant
Distribution des résultats
% des personnes avec chaque résultat
Percentile par nombre de réponses
Votre historique - résultats
Vous n’avez pas pris ce quiz